=LDR 00000nam 2200000 4500 =001 INLIS000000000033989 =005 20130612135918 =008 ***********************************ind** =035 ##$$0010-061300000033989 =041 ##$$a ind =082 ##$$a 633. 15 =090 ##$$a 633. 15, Ruk u =100 ##$$a Rukmana, H. Rahmat =245 ##$$a Usaha tani jagung, Ir. H. Rahmat Rukmana =260 ##$$a ( s.a ) $b Yogyakarta =300 ##$$a 109 hlm, illus, 21 cm =650 ##$$a Jagung - Budidaya =850 ##$$a NBPNMAT =990 ##$$a 0001/BPAP-NTB/20142014 =990 ##$$a 0001/BPAP-NTB/2015